Critical thinking

Bibliographic Details
Main Authors: Moore, Brooke Noel (Author), Parker, Richard (Author)
Format: Book
Language:English
Published: Boston McGraw-Hill 2008
Edition:Ninth edition
Subjects:

MARC

LEADER 00000cam a2200000 7i4500
001 0000022604
005 20241106.0
008 100304s -usa eng
020 |a 9780073386676 ,   |c RM320.85 
040 |a INS   |b eng   |e rda 
090 0 0 |a B105.T54   |b M66 2008 
100 1 |a Moore, Brooke Noel ,   |e author 
245 1 0 |a Critical thinking   |c Brooke Noel Moore, Richard Parker 
250 |a Ninth edition 
264 1 |a Boston   |c McGraw-Hill   |c 2008 
300 |a xix, 537 pages :   |b colour illustrations ;   |c 25 cm. 
336 |a text  |2 rdacontent 
337 |a unmediated  |2 rdamedia 
338 |a volume  |2 rdacarrier 
500 |a Includes index 
650 0 |a Critical thinking 
700 1 |a Parker, Richard ,   |e author 
999 |a 0000021478   |b BOOK   |c Open Shelf   |e Default branch